Theory of Urbanity and Its Effect on Housing Development and Housing

Politika bývania ako významný faktor štátnej hospodárskej politiky. Analýza bývania a cien bytov v Slovenskej republike. Bývanie. Obytné oblasti a príslušné vybavenie. Model Alonso lokalizácie bývania. Hoytov sektorový model.

Enregistré dans:
Détails bibliographiques
Auteur principal: Vidová, Jarmila, 1967-
Format: Chapitre de livre
Langue:anglais
Sujets:
Tags: Ajouter un tag
Pas de tags, Soyez le premier à ajouter un tag!

MARC

LEADER 00000nla$a2200000$$$4500
001 0147403
005 20240502083340.8
041 0 |a eng 
044 |a TR 
245 1 0 |a Theory of Urbanity and Its Effect on Housing Development and Housing  |c Jarmila Vidová 
520 |a Politika bývania ako významný faktor štátnej hospodárskej politiky. Analýza bývania a cien bytov v Slovenskej republike. Bývanie. Obytné oblasti a príslušné vybavenie. Model Alonso lokalizácie bývania. Hoytov sektorový model. 
610 2 0 |a bývanie 
610 2 0 |a politika bytová 
610 2 0 |a ceny 
610 2 0 |a urbanizácia 
610 2 0 |a Slovensko 
100 1 |a Vidová, Jarmila, 1967-